1212 1376 1699 1857 1470 1170 1892 1450 1436 1651 1627 1359 1582 1543 1246 2000 1267 1848 1251 1378 1732 1632 1747 1781 1253 1647 1755 1585 1619 1221 1278 1325 1596 1513 1877 1569 1438 1231 1281 1368 1444 1415 1020 1534 1128 1506 1977 1953 1003 1419 1355 1488 1188 1979 1732 1004 1362 1374 1419 1022 1664 1955 1360 1211 1372 1242 1618 1520 1450 1275 1847 1358 1700 1591 1641 1667 1142 1945 1529 1865 1787 1628 1838 1211 1647 1470 1767 1702 1560 1585 1906 1506 1875 1550 1607 1304 1522 1799 1079 BCNSPRNW ULIB Ver.6.0+V

เปลี่ยนเป็นภาษาไทย

Change to English
 แสดงรายละเอียดบรรณานุกรม
  กลับหน้าหลัก

Brief Record : Get Marc (ISO 2709) : E-mail record : QR code < ปิดหน้าต่าง
LEADER : 00000nam 2200000uu 4500
001    13399111606
003     ULIB
008    110627s2551||||th 000 0 tha d
060  4 WM100^bภ636ภ 2551
100 0  ภุมรินทร์ อินชัวนีและคณะ
245 00 ภาวะสุขภาพจิตของนักศึกษาพยาบาลศาสตร์ ชั้นปีที่ 1 วิทยาลัยพยาบาลบรมราชชนนี พุทธชินราช Mental Henlth of First year Nursing Students, Boromarajonani College of Nursing, Buddhachinaraj/^ภุมรินทร์ อินชัวนีและคณะ
250    พิมพ์ครั้งที่ 1
260    พิษณุโลก :^bวิทยาลัยพยาบาลบรมราชชนนี พุทธชินราช,^c2551
300    52 หน้า
650  7 สุขภาพจิต
650  7 นักศึกษาพยาบาล
650  7 วิทยาลัยพยาบาลบรมราชชนนี พุทธชินราช
945    ^p0^l0^i023513
995    ทศพร
999 ^a ใช้งานได้ทุกระบบ
รายการนี้ยังไม่มีแท็ก
คุณยังไม่ได้ล็อกอิน คุณสามารถมีกิจกรรมร่วมกับเว็บไซต์ได้ แต่ต้องล็อกอินก่อน ::
  ล็อกอิน

รายการสื่อสารสนเทศ

ลำดับที่ ประเภท เลขเรียก/บาร์โค้ด สถานที่ สถานะ
- ไม่พบข้อมูล -

รายการใกล้เคียง
    หัวเรื่อง [สุขภาพจิต]
    หัวเรื่อง [นักศึกษาพยาบาล]
    หัวเรื่อง [วิทยาลัยพยาบาลบรมราชชนนี พุทธชินราช]

BibComment


ยังไม่เคยถูกคอมเมนท์

คอมเมนท์ทรัพยากรรายการนี้
  คอมเมนท์: ภาวะสุขภาพจิตของน..


 Copyright 2026. Bcnsprnw @Library